000 00452cam a2200181ua 4500
020 _c1.25
041 _amal
_h
082 _a894.812301
_bTOL/OR
100 _aTolstoy, Leo.
245 _aOrotta kozhi mutta /
_cCount Leo Tolstoy.
_hTextual Documents
250 _a1 /
_b.
260 _aThuravoor :
_bSree Narasimha Vilasam Book Depot ,
_c1961.
300 _a104 ; .
365 _a1.25
504 _a
942 _cBK
999 _c12617
_d12617